| 000 | 01956cam a2200481 i 4500 | ||
|---|---|---|---|
| 001 | 22549359 | ||
| 003 | OSt | ||
| 005 | 20250702132457.0 | ||
| 008 | 220208s2022 ii b 000 0 eng d | ||
| 010 | _a 2022325941 | ||
| 020 |
_a9788131612309 _q(hardback) |
||
| 020 | _a8131612309 | ||
| 025 | _aI-E-2022325941; 28-92 | ||
| 035 | _a22549359 | ||
| 035 | _a(OCoLC)1295800573 | ||
| 037 | _bLibrary of Congress -- New Delhi Overseas Office | ||
| 040 |
_aDKAGE _beng _erda _cDKAGE _dDKAGE _dOCLCO _dOCLCF _dDLC |
||
| 042 |
_alccopycat _alcode |
||
| 043 | _aa-ii--- | ||
| 050 | 0 | 0 |
_aPK2907.U56 _bD3485 2022 |
| 082 | 0 | 4 |
_a891.4 _bGUP/D |
| 245 | 0 | 0 |
_aDalit writings : _bemerging perspectives / _ceditors, Santosh Gupta, Bandana Chakrabarty. |
| 264 | 1 |
_aJaipur : _bRawat Publications, _c[2022] |
|
| 300 |
_ax, 226 pages ; _c25 cm |
||
| 336 |
_atext _btxt _2rdacontent |
||
| 337 |
_aunmediated _bn _2rdamedia |
||
| 338 |
_avolume _bnc _2rdacarrier |
||
| 504 | _aIncludes bibliographical references. | ||
| 650 | 0 |
_aIndic literature _xDalit authors _xHistory and criticism. |
|
| 650 | 0 |
_aIndic literature (English) _xDalit authors _xHistory and criticism. |
|
| 650 | 0 | _aDalits in literature. | |
| 650 | 6 |
_aLittérature de l'Inde _xAuteurs intouchables _xHistoire et critique. |
|
| 650 | 6 |
_aLittérature de l'Inde (anglaise) _xAuteurs intouchables _xHistoire et critique. |
|
| 650 | 6 | _aIntouchables dans la littérature. | |
| 650 | 7 |
_aDalits in literature. _2fast _0(OCoLC)fst00887205 |
|
| 650 | 7 |
_aIndic literature _xDalit authors. _2fast _0(OCoLC)fst00970145 |
|
| 655 | 7 |
_aCriticism, interpretation, etc. _2fast _0(OCoLC)fst01411635 |
|
| 700 | 1 |
_aGupta, Santosh, _d1945- _eeditor. |
|
| 700 | 1 |
_aChakrabarty, Bandana, _eeditor. |
|
| 906 |
_a7 _bcbc _ccopycat _d3 _encip _f20 _gy-gencatlg |
||
| 942 |
_2ddc _cBK _h891.4 _iGUP/D _k891.4 _mGUP/D |
||
| 999 |
_c44583 _d44583 |
||